[Event "Wch U18"]
[Site "Montevideo"]
[Date "2017.09.23"]
[Round "8"]
[White "Allasia, Jesus"]
[Black "Dotta, Gian Franco"]
[Result "1-0"]
[WhiteElo "1735"]
[BlackElo "1916"]
[PlyCount "51"]
[EventDate "2017.09.17"]
[EventType "swiss"]
[EventRounds "11"]
[EventCountry "URU"]
[SourceTitle "CBM 180 Extra"]
[Source "ChessBase"]
[SourceDate "2017.10.06"]
[SourceVersion "1"]
[SourceVersionDate "2017.10.06"]
[SourceQuality "1"]

1. e4 e6 2. d4 d5 3. Bd3 c5 4. exd5 exd5 5. Nf3 Nc6 6. Be3 Qb6 7. Nc3 Nf6 8. dxc5 Qxb2 9. Nb5 Ne5 10. Nc7+ Kd8 11. Nxa8 Nxf3+ 12. gxf3 Qc3+ 13. Ke2 Bxc5 14. Qd2 Qe5 15. c3 Re8 16. Rae1 Bxe3 17. fxe3 Ng4 18. e4 Nxh2 19. Reg1 h6 20. Rg2 Nxf3 21. Kxf3 f5 22. exf5 d4 23. Re2 Qd5+ 24. Be4 Rxe4 25. Rxe4 Bxf5 26. Qxd4 1-0

[Event "ARG-ch sf U2300"]
[Site "Cosquin"]
[Date "2017.07.22"]
[Round "1.7"]
[White "Allasia, Jesus"]
[Black "Grospietro, Patricio Alejandro"]
[Result "1/2-1/2"]
[WhiteElo "1736"]
[BlackElo "1468"]
[PlyCount "87"]
[EventDate "2017.07.22"]
[EventType "swiss"]
[EventRounds "6"]
[EventCountry "ARG"]
[SourceTitle "EXT 2024"]
[Source "ChessBase"]
[SourceDate "2023.10.10"]
[SourceVersion "1"]
[SourceVersionDate "2023.10.10"]
[SourceQuality "1"]

1. d4 d5 2. Nf3 e6 3. e3 c5 4. b3 Nc6 5. Bb2 Nf6 6. Bd3 Bd7 7. Nbd2 Bd6 8. Ne5 0-0 9. f4 Qb6 10. 0-0 cxd4 11. Nxc6 dxe3 12. Qe2 Qxc6 13. Bxf6 gxf6 14. Bxh7+ Kxh7 15. Qh5+ Kg7 16. Qg4+ Kh8 17. Rf3 Qxc2 18. Rh3+ Qh7 19. Rxh7+ Kxh7 20. Nf3 Rg8 21. Qh3+ Kg7 22. Nd4 e5 23. Nf5+ Bxf5 24. Qxf5 d4 25. Qg4+ Kf8 26. Qd7 Bc5 27. Rc1 Bb6 28. fxe5 Rd8 29. Rc8 Rxc8 30. Qxc8+ Kg7 31. Qg4+ Kh7 32. Qh4+ Kg7 33. exf6+ Kg6 34. Qg4+ Kxf6 35. Qxg8 e2 36. Qh8+ Kg6 37. Qe5 d3+ 38. Kh1 Bf2 39. Qe4+ Kg7 40. Qg4+ Kf8 41. Qc8+ Kg7 42. Qg4+ Kf8 43. Qb4+ Kg8 44. Qg4+ 1/2-1/2

[Event "ARG-ch sf U1700 Villa Maria"]
[Site "Villa Maria"]
[Date "2017.02.17"]
[Round "3.5"]
[White "Reburdo, Rodrigo Hernan"]
[Black "Allasia, Jesus"]
[Result "0-1"]
[WhiteElo "1488"]
[BlackElo "1649"]
[PlyCount "108"]
[EventDate "2017.02.17"]
[EventType "swiss"]
[EventRounds "9"]
[EventCountry "ARG"]
[SourceTitle "EXT 2024"]
[Source "ChessBase"]
[SourceDate "2023.10.10"]
[SourceVersion "1"]
[SourceVersionDate "2023.10.10"]
[SourceQuality "1"]

1. e4 c5 2. Nf3 d6 3. d4 cxd4 4. Nxd4 Nf6 5. Nc3 g6 6. Be3 Bg7 7. f3 0-0 8. Qd2 Nc6 9. g4 a6 10. h4 h5 11. gxh5 Nxh5 12. 0-0-0 Qa5 13. Kb1 Nxd4 14. Bxd4 Bxd4 15. Qxd4 Be6 16. Nd5 Bxd5 17. Qxd5 Qxd5 18. Rxd5 Ng3 19. Rg1 Nxf1 20. Rxf1 Rac8 21. h5 Rc5 22. Rxc5 dxc5 23. Rg1 Kg7 24. f4 Rg8 25. f5 Kf6 26. hxg6 fxg6 27. Kc1 g5 28. Kd2 Ke5 29. Ke3 g4 30. c3 g3 31. Kf3 g2 32. a4 a5 33. b3 b6 34. c4 Rg7 35. Ke3 Rg3+ 36. Kf2 Rxb3 37. Kxg2 Rc3 38. Rb1 Kxe4 39. Rxb6 Kxf5 40. Rb5 Rxc4 41. Rxa5 e5 42. Ra8 Ke4 43. a5 Ra4 44. a6 c4 45. Kf2 Ra2+ 46. Ke1 c3 47. Kd1 Ke3 48. a7 e4 49. Kc1 Ke2 50. Kb1 c2+ 51. Kxa2 c1Q 52. Rb8 Qc4+ 53. Rb3 Qd5 54. Ka1 Qa5+ 0-1

[Event "South America-ch U16 13th"]
[Site "Santiago de Chile"]
[Date "2016.12.02"]
[Round "3"]
[White "Torres, Piero"]
[Black "Allasia, Jesus"]
[Result "1/2-1/2"]
[WhiteElo "1628"]
[BlackElo "1811"]
[PlyCount "60"]
[EventDate "2016.12.01"]
[EventType "swiss"]
[EventRounds "9"]
[EventCountry "CHI"]
[SourceTitle "EXT 2018"]
[Source "ChessBase"]
[SourceDate "2017.10.13"]
[SourceVersion "1"]
[SourceVersionDate "2017.10.13"]
[SourceQuality "1"]

1. e4 c5 2. Nf3 d6 3. d4 cxd4 4. Nxd4 Nf6 5. Nc3 g6 6. Be3 Bg7 7. f3 0-0 8. Bc4 Nc6 9. Qd2 Bd7 10. 0-0-0 Nxd4 11. Bxd4 Rc8 12. Bb3 a6 13. Nd5 Nxd5 14. Bxg7 Kxg7 15. Bxd5 Qb6 16. Qd4+ Qxd4 17. Rxd4 Rc7 18. Rhd1 Rfc8 19. c3 b5 20. Kb1 a5 21. Bb3 a4 22. Bc2 a3 23. bxa3 Rxc3 24. Bb3 Be6 25. R4d3 R3c6 26. Bxe6 fxe6 27. Rb3 Rc5 28. Rbd3 Kf6 29. R1d2 Ke5 30. Kb2 Rc4 1/2-1/2

[Event "San Francisco-ch 72th"]
[Site "San Francisco"]
[Date "2016.11.27"]
[Round "3.5"]
[White "Calderon, Luciano"]
[Black "Allasia, Jesus"]
[Result "1-0"]
[WhiteElo "1807"]
[BlackElo "1811"]
[PlyCount "47"]
[EventDate "2016.11.26"]
[EventType "swiss"]
[EventRounds "6"]
[EventCountry "ARG"]
[SourceTitle "EXT 2024"]
[Source "ChessBase"]
[SourceDate "2023.10.10"]
[SourceVersion "1"]
[SourceVersionDate "2023.10.10"]
[SourceQuality "1"]

1. e4 c5 2. Nf3 d6 3. d4 cxd4 4. Nxd4 Nf6 5. Nc3 g6 6. Be3 Bg7 7. Qd2 0-0 8. f3 Nc6 9. 0-0-0 Nxd4 10. Bxd4 Qa5 11. Kb1 Be6 12. Nd5 Qd8 13. Nxf6+ Bxf6 14. Bxf6 exf6 15. h4 Qc7 16. Bd3 d5 17. h5 dxe4 18. fxe4 Rad8 19. Rdf1 f5 20. exf5 Bc8 21. f6 Kh8 22. Qh6 Rg8 23. Qxh7+ Kxh7 24. hxg6# 1-0